| 000 | 01059nac a22003017a 4500 | ||
|---|---|---|---|
| 001 | BR9603945 | ||
| 003 | BR-BrBNA | ||
| 005 | 20240105121759.0 | ||
| 008 | 230509b bl.|||m| |||| 00| 0 por d | ||
| 040 |
_aBR-BrBNA _bpor _cBiblioteca Nacional de Agricultura |
||
| 072 | _aP33 | ||
| 090 | _aP33 BR9603945 | ||
| 100 | 1 | _aPruski, F.F. | |
| 100 | 1 | _aOliveira, R.A. de | |
| 100 | 1 | _aPaz, V.P. da S. | |
| 100 | 1 | _aFurukawa, C. | |
| 110 | 1 |
_aAssociacao dos Engenheiros Agricolas de Minas Gerais, Vicosa (Brasil) _9584 |
|
| 245 | 1 | _aEfeito da compactacao nas propriedades fisicas de um latossolo vermelho-amarelo distrofico, sob diferentes condicoes de umidade | |
| 260 | 3 |
_aVicosa, MG (Brasil): _c1993. |
|
| 300 | _a7 p. | ||
| 490 |
_aEngenharia na Agricultura. Serie Irrigacao e Drenagem (Brazil) _vv. 2(16) _x |
||
| 500 | _aSummaries (En, Pt); 9 ref. | ||
| 650 | _aLatossolo Vermelho Amarelo | ||
| 650 | _aPropriedade Fisico-Quimica | ||
| 650 | _aCompactacao do Solo | ||
| 909 |
_a202312 _bLúcia Elande _c55 _dLúcia Elande |
||
| 942 |
_2AGRIS _n0 _cMS |
||
| 999 |
_c287406 _d287406 |
||